Las potencias del yo. (Registro nro. 34768)
[ vista simple ]
| 000 -CABECERA | |
|---|---|
| campo de control de longitud fija | 00275nam a2200109 a 4500 |
| 005 - FECHA Y HORA DE LA ÚLTIMA TRANSACCIÓN | |
| campo de control | 20200930074226.0 |
| 008 - DATOS DE LONGITUD FIJA--INFORMACIÓN GENERAL | |
| campo de control de longitud fija | 111027s1954 000 spa d |
| 040 ## - FUENTE DE LA CATALOGACIÓN | |
| Centro catalogador/agencia de origen | DO-SdBNP |
| 100 ## - ENTRADA PRINCIPAL--NOMBRE DE PERSONA | |
| Nombre de persona | Lavelle, Louis |
| 9 (RLIN) | 61042 |
| 245 #4 - MENCIÓN DE TÍTULO | |
| Título | Las potencias del yo. |
| 260 ## - PUBLICACIÓN, DISTRIBUCIÓN, ETC. | |
| Lugar de publicación, distribución, etc. | Buenos Aires, |
| Fecha de publicación, distribución, etc. | 1954. |
No hay ítems disponibles.
